Die dänischen Platzierungen bei der Europameisterschaft - Statistiken

Allgemein
  • Dieses Quiz wurde 5 mal gespielt
  • Das Durchschnittsergebnis liegt bei 6 aus 10
Antwortstatistiken
Hint Antwort % Korrekt
1992 Sieger
100%
2024 Achtelfinale
80%
2020 Halbfinale
80%
1988 Gruppenphase
60%
2000 Gruppenphase
60%
2012 Gruppenphase
60%
2004 Viertelfinale
60%
1996 Gruppenphase
40%
1984 Halbfinale
40%
1964 Vierter Platz
20%
Keine übereinstimmenden Quizze gefunden
Verteilung der Resultate
Anzahl Personen mit jedem Resultat
Perzentil nach korrekt beantworteten Fragen
Ihre Resultats-Entwicklung
Sie haben dieses Quiz noch nicht gespielt